NAM: a study of its role since 1992 (Record no. 17286)

MARC details
000 -LEADER
fixed length control field 00427nam a2200169Ia 4500
082 ## - DEWEY DECIMAL CLASSIFICATION NUMBER
Classification number TD.0314
100 ## - MAIN ENTRY--AUTHOR NAME
Personal name Dash, Dipak Kumar
245 #0 - TITLE STATEMENT
Title NAM: a study of its role since 1992
260 ## - PUBLICATION, DISTRIBUTION, ETC. (IMPRINT)
Year of publication 2011
Name of publisher Ravenshaw University
300 ## - PHYSICAL DESCRIPTION
Number of Pages 293
504 ## - BIBLIOGRAPHY, ETC. NOTE
Bibliography, etc includes bibliography
650 ## - SUBJECT ADDED ENTRY--TOPICAL TERM
Topical Term Non-Alignment Movement
Form subdivision History
650 ## - SUBJECT ADDED ENTRY--TOPICAL TERM
Topical Term World politics
650 ## - SUBJECT ADDED ENTRY--TOPICAL TERM
Topical Term Neutrality
710 ## - ADDED ENTRY--CORPORATE NAME
Corporate name or jurisdiction name as entry element Das, Mandakini
942 ## - ADDED ENTRY ELEMENTS (KOHA)
Koha item type Thesis
Source of classification or shelving scheme Dewey Decimal Classification
Holdings
Withdrawn status Lost status Damaged status Not for loan Home library Current library Date acquired Source of acquisition Bill Date Full call number Accession Number Price effective from Koha item type
        NASSDOC Library NASSDOC Library 21/03/2013 AUTH 2013-03-12 TD.0314 48152 18/04/2019 Thesis